00000000nam##2200000za#4500
0019.670279
003CaOODSP
00520210615125405
007ta
008150407|2008||||xxc|||||     f|0| 0 eng|d
020 |a978-0-662-05846-5
040 |aCaOODSP|beng
041 |aeng
041 |afre
043 |an-cn---
0861 |aFs72-41/2008
1102 |aCanadian Hydrographic Service.
24510|aDeep understanding - Canadian Hydrographic Service
260 |aOttawa - Ontario : |bFisheries and Oceans Canada. |cc2008.
300 |aEnglish text, [14]p. : |bcoloured illus., photographs ; |c22 cm.
563 |aSoftcover
590 |a08-43|b2008-10-24
69007|aHydrography|2gcpds
7760#|tDeep understanding - Canadian Hydrographic Service / |w(CaOODSP)9.691197
7760#|tUne compréhension approfondie - Service hydrographique du Canada / |w(CaOODSP)9.635530
792 |tUne compréhension approfondie - Service hydrographique du Canada |efre|w(CaOODSP)9.670280
986 |aDFO/2008-1461